000 00418nam a2200169Ia 4500
003 0100
008 130303s9999 xx 000 0 und d
040 _cARRUPELIB
050 _aNA440.P23 1957
100 _aPanofsky, Erwin
245 _aGothic Architecture and Scholasticism
260 _aCleveland
260 _bThe World Publishing Company Inc-Meridian Books
260 _C1957
300 _a156p
942 0 0 _01
999 _c49998
_d49998